Library Banner

Implications & complications of order VII rule 11 C.P.C. commonly known as 7/11 (Record no. 83453)

MARC details
000 -LEADER
fixed length control field 00641nam a2200193Ia 4500
001 - CONTROL NUMBER
control field 71050
008 - FIXED-LENGTH DATA ELEMENTS--GENERAL INFORMATION
fixed length control field 160226s9999 xx 000 0 und d
020 ## - INTERNATIONAL STANDARD BOOK NUMBER
International Standard Book Number NA
040 ## - CATALOGING SOURCE
Transcribing agency PK-LaUMT
082 ## - DEWEY DECIMAL CLASSIFICATION NUMBER
Classification number 348.5491
Item number RAM-I
100 ## - MAIN ENTRY--PERSONAL NAME
Personal name Ramzan Qadri, Muhammad
245 ## - TITLE STATEMENT
Title Implications & complications of order VII rule 11 C.P.C. commonly known as 7/11
Statement of responsibility, etc Ramzan Qadri, Muhammad|Mehmood Ahmed Qadri, Muhammad|Mehboob Ahmed Qardri, Muhammad
260 ## - PUBLICATION, DISTRIBUTION, ETC. (IMPRINT)
Place of publication, distribution, etc Lahore,Pakistan:
Name of publisher, distributor, etc Qadri Law Publications,
Date of publication, distribution, etc 2015
300 ## - PHYSICAL DESCRIPTION
Extent 370 p.
546 ## - LANGUAGE NOTE
Language note EN
700 ## - ADDED ENTRY--PERSONAL NAME
Personal name Mehboob Ahmed Qardri, Muhammad
700 ## - ADDED ENTRY--PERSONAL NAME
Personal name Mehmood Ahmed Qadri, Muhammad
942 ## - ADDED ENTRY ELEMENTS (KOHA)
Koha item type Books
Holdings
Withdrawn status Lost status Damaged status Not for loan Home library Current library Date acquired Total Checkouts Full call number Barcode Date last seen Price effective from Koha item type
        UMT Main Campus UMT Main Campus 2016-02-26   348.5491 RAM-I 96594 2016-02-26 2016-02-26 Books